| 000 | 00458nam a22001697a 4500 | ||
|---|---|---|---|
| 003 | CEME | ||
| 005 | 20210628210715.0 | ||
| 008 | 210211b xxu||||| |||| 00| 0 eng d | ||
| 020 | _a0-672-31902-0 | ||
| 040 | _c. | ||
| 082 | _a005.133 GOO | ||
| 100 |
_aGoodwill, james _960057 |
||
| 245 | _aPure jsp java server pages | ||
| 260 |
_aUSA _bSAMS _c2000 |
||
| 650 |
_aJAVA SERVER PAGES JSP XML JBDC ERROR HANDLING JSP AND HTML FORMS _980644 |
||
| 942 |
_cBK _2ddc |
||
| 999 |
_c585539 _d585539 |
||